Pays avec six lettres (avec une carte) - Statistiques

Statistiques générales
  • Ce quiz a été pris 496 fois
  • Le résultat moyen est 187 sur 196
Réponses sur la Carte
Les réponses sont colorées sur une échelle allant du rouge au vert en fonction du pourcentage des utilisateurs qui les ont devinées à leur premier essai. Vous pouvez retrouver ces pourcentages ci-dessous.
 
Statistiques - réponses
pays % Correct
x
100%
France
97%
Canada
94%
Russie
93%
Brésil
92%
Italie
92%
Égypte
90%
Suisse
88%
Soudan
87%
Panama
85%
Angola
84%
Zambie
82%
Guyana
79%
Guinée
76%
Malawi
72%
Serbie
70%
Gambie
64%
Kosovo
63%
Rwanda
62%
Chypre
48%
Israël
44%
Tuvalu
41%
Taïwan
40%
Monaco
39%
Palaos
34%
Belize
32%
Brunei
32%
Koweït
30%
Aucun quiz correspondant
Distribution des résultats
% des personnes avec chaque résultat
Percentile par nombre de réponses
Votre historique - résultats
Vous n’avez pas pris ce quiz